Departamentos de Paraguay (Con mapa) - Estadísticas

Estadísticas generales
  • Esta prueba ha sido intentada 984 veces
  • La puntuación promedio es 11 de 17
Respuestas en el mapa
Las respuestas están codificadas por una escala verde-roja en el mapa de la prueba según el % correcto abajo.
 
Estadísticas de respuestas
Departamento % Correcto
Alto Paraguay
80%
Presidente Hayes
75%
Alto Paraná
73%
Central
71%
Misiones
71%
Boquerón
68%
Concepción
67%
Cordillera
64%
San Pedro
62%
Caaguazú
60%
Caazapá
57%
Itapúa
57%
Ñeembucú
56%
Amambay
55%
Paraguarí
55%
Guairá
54%
Canindeyú
52%
No se encontraron pruebas coincidentes
Distribución de puntuación
Porcentaje de gente con cada puntuación
Porcentaje por número respondido
Historial de tus puntuaciones
No has intentado esta prueba.